000 01258nam a22002657a 4500
005 20110426154449.0
008 090408t xxu||||| |||| 00| 0 hin d
010 _aHIN-92509
020 _c500.00
_a9788173159015
035 _aHN-64855
037 _bDBAD / PUB
040 _aDPL
_bHN
082 _a480.0071
100 _927482
_aरशमीत कौर
245 _aसुपर स्पीडः इंग्लिश स्पीकिंग कोर्स /
_cरशमीत कौर
260 _aदिल्ली
_bप्रभात प्रकाशन
_c2011
270 _a4/19 आसफ अली रोड
_bनई दिल्ली
_cदिल्ली
_e110002
300 _a286पृ
_c24 सेमी (सजिल्द)
_bसचित्र
_e1CD-ROM
650 _91169
650 _91170
700 _927483
942 _adpl
_cHN
_2ddc
_h480.0071
_mरशमी
999 _c52021
_d52021